Noms des personnages par série - Statistiques

Statistiques générales
  • Ce quiz a été pris 130 fois
  • Le résultat moyen est 49 sur 90
Statistiques - réponses
Question Tuile Select % Correct
Personnages de the vampire diaries Damon Oui
87%
Personnages de the vampire diaries Nate Non
84%
Personnages de Strangers things Daniel Non
83%
Personnages de the vampire diaries Penelope Non
83%
Personnages de Strangers things Isabelle Non
82%
Personnages de the vampire diaries Jackson Non
81%
Personnages de Strangers things Mike Oui
81%
Personnages de Strangers things Adam Non
79%
Personnages de Gossip Girl Lydia Non
79%
Personnages de Gossip Girl Marley Non
79%
Personnages de the vampire diaries Spencer Non
79%
Personnages de Gossip Girl Serena Oui
78%
Personnages de Strangers things Nancy Oui
77%
Personnages de Gossip Girl Bonnie Non
75%
Personnages de Gossip Girl Steve Non
75%
Personnages de la Chronique des Bridgerton Aria Non
73%
Personnages de Strangers things Billy Oui
72%
Personnage de Desperate Housewives Alaric Non
70%
Personnages de Strangers things Eddie Oui
68%
Personnages de Gossip Girl Jenny Oui
67%
Personnages de Gossip Girl Vanessa Oui
67%
Personnages de the vampire diaries Caroline Oui
66%
Personnages de la Chronique des Bridgerton Colin Oui
66%
Personnage de Desperate Housewives Jude Non
66%
Personnages de Prison Break Lincoln Oui
66%
Personnages de Prison Break Linda Non
66%
Personnages de Strangers things Robin Oui
65%
Personnage de Desperate Housewives Carlos Oui
63%
Personnages de la Chronique des Bridgerton Oliver Non
63%
Personnage de Desperate Housewives Rory Non
63%
Personnage de Desperate Housewives Lynette Oui
62%
Personnages de Pretty Little Liars Emily Oui
61%
Personnages de la Chronique des Bridgerton Hyacinthe Oui
61%
Personnages des Frères Scott Katrina Non
61%
Personnage de Desperate Housewives Gary Non
60%
Personnages de la Chronique des Bridgerton Violet Oui
60%
Personnages des Frères Scott Brooke Oui
59%
Personnages de Pretty Little Liars Will Non
59%
Personnages de Pretty Little Liars Jay Non
58%
Personnages de Strangers things Karen Oui
58%
Personnages de Pretty Little Liars Gloria Non
57%
Personnages de Gossip Girl Lily Oui
57%
Personnage de Desperate Housewives Mike Oui
57%
Personnages des Frères Scott Rick Non
56%
Personnages de Pretty Little Liars Eleanor Non
55%
Personnages de la Chronique des Bridgerton Vivienne Non
55%
Personnages de Pretty Little Liars Mona Oui
54%
Personnages de Pretty Little Liars Caleb Oui
53%
Personnages de la Chronique des Bridgerton Henry Non
53%
Personnages des Frères Scott Lucas Oui
53%
Personnages de the vampire diaries Enzo Oui
52%
Personnages de the vampire diaries Jenna Oui
52%
Personnage de Lucifer Joe Non
52%
Personnages de Prison Break Karl Non
52%
Personnage de Lucifer Penny Non
52%
Personnages de Prison Break Toby Non
52%
Personnage de Lucifer Chloé Oui
50%
Personnages de Prison Break Sarah Oui
50%
Personnages des Frères Scott Andrew Non
49%
Personnages de Glee Fiona Non
47%
Personnage de Lucifer Jordan Non
45%
Personnages de Gossip Girl Ivy Oui
44%
Personnages de Glee Brandon Non
43%
Personnage de Lucifer Ian Non
43%
Personnage de Desperate Housewives Karl Oui
43%
Personnages de la Chronique des Bridgerton Agatha Oui
42%
Personnages de Prison Break Fernando Oui
42%
Personnage de Lucifer Ella Oui
41%
Personnages des Frères Scott Jamie Oui
41%
Personnage de Lucifer Linda Oui
41%
Personnages de la Chronique des Bridgerton Posy Oui
41%
Personnages de Glee Sue Oui
41%
Personnages de Glee Finn Oui
38%
Personnages de Glee Quinn Oui
37%
Personnages des Frères Scott Karen Oui
35%
Personnage de Desperate Housewives Angie Oui
34%
Personnages des Frères Scott Rachel Oui
34%
Personnages de Glee Clay Non
32%
Personnages de Glee Tina Oui
32%
Personnages de Glee Sam Oui
31%
Personnages de Pretty Little Liars Lucas Oui
29%
Personnages de Pretty Little Liars Byron Oui
28%
Personnage de Lucifer Marcus Oui
28%
Personnage de Lucifer Charlotte Oui
26%
Personnages de Glee Blaine Oui
25%
Personnages de Prison Break Gretchen Oui
25%
Personnages des Frères Scott Marvin Oui
25%
Personnages de the vampire diaries April Oui
23%
Personnages de Prison Break Théodore Oui
19%
Personnages de Prison Break Don Oui
18%
Aucun quiz correspondant
Distribution des résultats
% des personnes avec chaque résultat
Percentile par nombre de réponses
Votre historique - résultats
Vous n’avez pas pris ce quiz